Welcome to the Holygrace Academy Library

Please use search bar below to get started

MAGIC TREE HOSE (Record no. 6308)

MARC details
000 -LEADER
fixed length control field 00639nam a22001577a 4500
020 ## - INTERNATIONAL STANDARD BOOK NUMBER
ISBN 0-590-62985-9
082 ## - DEWEY DECIMAL CLASSIFICATION NUMBER
Classification number 823
Item number OSB/D
100 ## - MAIN ENTRY--AUTHOR NAME
Personal name OSBORNE, MARY POPE
245 ## - TITLE STATEMENT
Title MAGIC TREE HOSE
246 ## - VARYING FORM OF TITLE
Title proper/short title PIRATES PAST NOON
260 ## - PUBLICATION, DISTRIBUTION, ETC. (IMPRINT)
Name of publisher 0-590-62985-9
300 ## - PHYSICAL DESCRIPTION
Number of Pages 67
520 ## - SUMMARY, ETC.
Summary, etc The book reveals that pirates used to rob Spanish ships hundreds of years ago on the Caribbean Sea. As Jack writes this information in his notebook, a rowboat leaves the pirate ship and heads toward them. The children run toward the tree house, until Jack remembers he left the book on the beach and returns for it.
650 ## - SUBJECT ADDED ENTRY--TOPICAL TERM
Topical Term SHORT STORY
942 ## - ADDED ENTRY ELEMENTS (KOHA)
Koha item type Books
Holdings
Withdrawn status Lost status Collection code Home library Current library Shelving location Date acquired Source of acquisition Cost, normal purchase price Full call number Accession Number Koha item type
    Fiction Main Library Main Library SHELF 15-K-CHILDREN'S STORYBOOKS 06/03/2012 Purchase 40.00 823 OSB/D 06290 Books